000 00452nam a22001697a 4500
999 _c5129
_d5127
005 20210909151523.0
008 160701b xxu||||| |||| 00| 0 eng d
020 _a978-81-775-8243-7
041 _aeng
082 _b20790
_a005.14
100 _aTamres Louise
_93429
245 _aIntroducing software testing:
_ba practical guide to getting started
260 _bPearson
_c2006
300 _a289
650 _aInformation Technology
_9137
942 _cBK